Galatasaray Futbolcuları - Armageddon - Statistics

General Stats
  • This quiz has been taken 655 times
    562 since last reset
  • The average score is 22 of 50
Answers on the Grid
Answers color-coded by a green-red scale on the quiz's grid according to % correct below.
Hakan Şükür
Gheorghe Hagi
Samuel Eto'o
Eren Derdiyok
Yaya Touré
Xabi Alonso
Arda Turan
Bülent Korkmaz
Fábio Coentrão
Cesc Fàbregas
Yuto Nagatomo
Mehmet Topuz
Fernando Muslera
Dries Mertens
Pavel Nedvěd
Michael Ballack
Javier Saviola
Radamel Falcao
Hakan Ünsal
Moussa Sow
Harry Kewell
Welliton
Emmanuel Eboué
Rigobert Song
Demba Ba
Wesley Sneijder
Ryan Donk
Sami Khedira
Metin Oktay
Daniele De Rossi
Andrey Arşavin
Tanju Çolak
Mats Hummels
Arif Erdem
Robin van Persie
Semih Kaya
Mehmet Nas
Gheorghe Popescu
Danijel Aleksić
Samuel Holmén
Ümit Davala
Bobô
Faryd Mondragón
İlkay Gündoğan
Viorel Moldovan
Mário Jardel
Victor Osimhen
Shabani Nonda
Djalma Campos
Felipe Melo
Hamit Altıntop
Edin Džeko
Ümit Karan
Milan Baroš
Fatih Terim
Emmanuel Adebayor
Lukas Podolski
Necati Ateş
Ryan Babel
Stephen Appiah
Diego Lugano
Hasan Şaş
Sofiane Feghouli
Mert Nobre
Hami Mandıralı
Mauro Icardi
John Moshoeu
Didier Drogba
Luís Figo
Dimitar Berbatov
Dani Alves
Tugay Kerimoğlu
Cristian Baroni
Servet Çetin
Mesut Özil
Sabri Sarıoğlu
Burak Yılmaz
Raul Meireles
Gökhan Gönül
Selçuk İnan
Atiba Hutchinson
Didier Zokora
Tomáš Sivok
Emre Belözoğlu
Bülent Uygun
José Bosingwa
Doka Madureira
Hakan Balta
Ergün Penbe
Oktay Derelioğlu
Fatih Akyel
Alpay Özalan
Emre Aşık
Tayfur Havutçu
Suat Kaya
Okan Buruk
Salih Uçan
James Rodríguez
Miroslav Stoch
 
Answer Stats
Answer % Correct
Hakan Şükür
74%
Arda Turan
73%
Gheorghe Hagi
63%
Fernando Muslera
62%
Bülent Korkmaz
61%
Eren Derdiyok
60%
Dries Mertens
54%
Wesley Sneijder
52%
Metin Oktay
50%
Mauro Icardi
49%
Radamel Falcao
49%
Emmanuel Eboué
48%
Fatih Terim
48%
Felipe Melo
48%
Victor Osimhen
48%
Yuto Nagatomo
48%
Burak Yılmaz
47%
Okan Buruk
47%
Didier Drogba
46%
Lukas Podolski
46%
Hamit Altıntop
45%
İlkay Gündoğan
45%
Ryan Donk
45%
Ümit Karan
45%
Gheorghe Popescu
44%
Ryan Babel
44%
Sofiane Feghouli
44%
Hakan Ünsal
43%
Hasan Şaş
43%
Mário Jardel
43%
Sabri Sarıoğlu
43%
Selçuk İnan
43%
Harry Kewell
42%
Arif Erdem
41%
Tanju Çolak
41%
Ümit Davala
41%
Hakan Balta
40%
Necati Ateş
40%
Semih Kaya
39%
Emre Belözoğlu
37%
Ergün Penbe
37%
Milan Baroš
37%
Emre Aşık
34%
Tugay Kerimoğlu
34%
Faryd Mondragón
33%
Servet Çetin
29%
Rigobert Song
27%
Shabani Nonda
24%
Suat Kaya
22%
Fatih Akyel
15%
No matching quizzes found
Score Distribution
Percent of People with Each Score
Percentile by Number Answered
Your Score History
You have not taken this quiz since the last reset